000 00434nam a22001697a 4500
005 20180208114113.0
008 160428b xxu||||| |||| 00| 0 eng d
020 _a0-07-048674-3
041 _aeng
082 _b00522
_a005.7585
100 _aLoney, Kevin and others
_94118
245 _aOracle 9i DBA Handbook
260 _aNew Delhi
_bTMH Publ.co.Ltd.
_c2002
300 _a980
650 _aInformation Technology
_9137
942 _cBK
999 _c152
_d152